000 00862nab a2200253 u 4500
001 14735
003 HDC
007 cr bn ---aaaaa
008 210215c20140813my dr|nes 0 a may d
040 _aHDC
100 _aSri Ayu Kartika Amri
_eauthor
_97653
245 0 _aHab kewangan Islam / oleh
_cSri Ayu Kartika Amri
260 _aKuala Lumpur :
_bThe New Straits Times Press (M) Bhd.,
_c2014
336 _atext
_2rdacontent
337 _acomputer
_2rdamedia
338 _aonline resource
_2rdacarrier
650 _aIslamic finance
_zMalaysia
_98574
650 _ashariah asset market
_915192
710 _aHarian Metro
856 _zRequest full-text at [email protected]
942 _2lcc
942 _cNEWS
942 _kNWSC 005630
999 _c12051
_d12051